[Event "1st Gujarat GM Open 2018"]
[Site "Ahmedabad"]
[Date "2018.10.09"]
[Round "7"]
[White "Kushagra Mohan"]
[Black "Shintre Neel"]
[Result "*"]
[WhiteElo "2283"]
[BlackElo "2093"]
[Annotator "TA"]
[PlyCount "27"]
[EventDate "2018.10.05"]
[EventType "swiss"]
[EventCountry "IND"]
[SourceTitle "playchess.com"]
[Source "ChessBase"]
[SourceQuality "1"]

{[%evp 11,27,14,22,23,19,0,6,0,180,173,179,171,274,134,136,135,122,125]} 1. e4 e5 2. Nf3 Nc6 3. d4 exd4 4. Nxd4 Bc5 5. Nxc6 Qf6 6. Qf3 dxc6 7. Nc3 {C45: Scotch Game} Be6 8. Qg3 O-O-O 9. Be3 {The position is equal.} Bb4 $2 {[#]} (9... Bxe3 $11 {and Black has nothing to worry.} 10. Qxe3 Qd4) (9... Bxe3 10. Qxe3 Kb8 11. f4 Qe7 12. Bd3 Nh6 13. O-O-O f6 14. g3 Nf7 {½-½ (29) Nepomniachtchi,I (2766)-Carlsen,M (2851) Leuven 2017}) 10. Bg5 $18 Qg6 11. Bxd8 Kxd8 $146 (11... Qxg3 $142 12. hxg3 Kxd8) ({Predecessor:} 11... Qxg3 12. hxg3 Kxd8 13. e5 Ke7 14. Rh4 Ba5 {1-0 (28) Matyukhin,S (2457)-Kyhos,A (2352) ICCF email 2010}) 12. Qxg6 (12. Qe3 $18 {has better winning chances. And now Qd4+ would win.} Kc8 13. f4) 12... hxg6 $16 13. a3 Bd6 14. g3 *

[Event "1st Gujarat GM Open 2018"]
[Site "Ahmedabad"]
[Date "2018.10.09"]
[Round "7"]
[White "Patil, Pratik"]
[Black "Satkar, Chirag"]
[Result "*"]
[WhiteElo "2280"]
[BlackElo "2089"]
[Annotator "TA"]
[PlyCount "35"]
[EventDate "2018.10.05"]
[EventType "swiss"]
[EventCountry "IND"]
[SourceTitle "playchess.com"]
[Source "ChessBase"]
[SourceQuality "1"]

{[%evp 9,10,14,24]} 1. e4 e5 2. Bc4 Nf6 3. d3 Nc6 4. Nc3 Bc5 5. Nf3 d6 {LiveBook: 565 Games} {Predecessor:} 6. Na4 $146 Bb6 7. a3 Ne7 8. Bg5 Ng6 9. Nxb6 axb6 10. Nh4 h6 11. Nxg6 fxg6 12. Be3 Qe7 13. O-O Be6 14. Bxe6 Qxe6 15. f4 exf4 16. Rxf4 O-O 17. Bd4 Nh5 18. Rxf8+ {½-½ (18) McShane,L (2669)-Adams,M (2706) Hull 2018} *

[Event "1st Gujarat GM Open 2018"]
[Site "Ahmedabad"]
[Date "2018.10.09"]
[Round "7"]
[White "Bharath Subramaniyam H"]
[Black "Arpan, Das"]
[Result "*"]
[WhiteElo "2276"]
[BlackElo "2164"]
[Annotator "TA"]
[PlyCount "29"]
[EventDate "2018.10.05"]
[EventType "swiss"]
[EventCountry "IND"]
[SourceTitle "playchess.com"]
[Source "ChessBase"]
[SourceQuality "1"]

{[%evp 11,20,14,19,0,-2,-36,-24,-26,-25,-27,-44]} 1. e4 c5 2. c3 d5 3. exd5 Qxd5 4. d4 e6 5. Nf3 Nc6 6. Na3 Nf6 7. Nc2 {B22: Sicilian: 2 c3} (7. Be3 cxd4 8. Nb5 Qd8 9. Nbxd4 Nd5 10. Nxc6 bxc6 11. Bd2 Qb6 12. Ne5 Qc7 13. Nc4 Be7 14. Bd3 Ba6 15. Qg4 {½-½ (55) Wang,H (2717)-Laznicka,V (2666) Ho Chi Minh City 2016}) 7... cxd4 8. cxd4 Be7 9. Bd3 O-O 10. O-O $1 b6 {Predecessor:} 11. Bd2 $146 Bb7 12. Bc3 Rfd8 13. Qe2 Qh5 14. Rfd1 Nd5 15. Ba6 {½-½ (15) Steyer,B-Willich,M Hofbieber 1996} *

[Event "1st Gujarat GM Open 2018"]
[Site "Ahmedabad"]
[Date "2018.10.09"]
[Round "7"]
[White "Kunal, M.."]
[Black "Lalith Babu M R"]
[Result "*"]
[WhiteElo "2270"]
[BlackElo "2518"]
[Annotator "TA"]
[PlyCount "27"]
[EventDate "2018.10.05"]
[EventType "swiss"]
[EventCountry "IND"]
[SourceTitle "playchess.com"]
[Source "ChessBase"]
[SourceQuality "1"]

{[%evp 10,13,75,55,92,72]} 1. e4 c6 2. d4 d5 3. Nd2 g6 4. Ngf3 Bg7 5. c3 Bg4 6. Bd3 {LiveBook: 17 Games} Nd7 {B12: Caro-Kann: Advance Variation} (6... dxe4 7. Nxe4 Nd7 8. O-O Ngf6 9. h3 Bxf3 10. Qxf3 O-O 11. Nxf6+ Nxf6 12. Re1 Re8 13. Bc4 Qd7 14. Bg5 Qf5 15. Qxf5 gxf5 16. Re3 e6 17. g4 fxg4 18. hxg4 h6 19. Bh4 Nd5 20. Rf3 {1-0 (63) Aloma Vidal,R (2433)-Benet Catala,A (2160) Escaldes 2018}) 7. exd5 {Predecessor:} cxd5 $146 8. Qb3 Nb6 9. a4 a5 10. Bb5+ Kf8 11. h3 Bxf3 12. Nxf3 Nf6 13. O-O Kg8 14. Re1 {0-1 (39) Campos Olaya,I (2206)-Ramon Solans,A (2221) Almenar 2010} *

[Event "1st Gujarat GM Open 2018"]
[Site "Ahmedabad"]
[Date "2018.10.09"]
[Round "7"]
[White "Deshmukh, Anup"]
[Black "Rahman, Ziaur"]
[Result "*"]
[WhiteElo "2267"]
[BlackElo "2473"]
[Annotator "TA"]
[PlyCount "37"]
[EventDate "2018.10.05"]
[EventType "swiss"]
[EventCountry "IND"]
[SourceTitle "playchess.com"]
[Source "ChessBase"]
[SourceQuality "1"]

{[%evp 20,24,89,55,83,71,83]} 1. c4 g6 2. Nc3 Bg7 3. d4 Nf6 {[%cal Bg8f6,Bf6h5,Bh5f4][%mdl 32]} 4. e4 d6 5. f3 O-O 6. Be3 e5 7. d5 Nh5 8. Qd2 f5 9. O-O-O a6 10. Kb1 Nd7 11. Bd3 Nf4 {E87: King's Indian: Sämisch: 6...e5 7 d5} (11... Nc5 12. Bc2 b5 13. cxb5 axb5 14. Nxb5 Ba6 15. Nc3 Qb8 16. Nge2 Qb4 17. Bxc5 dxc5 18. a3 Qa5 19. Nc1 {0-1 (54) Wang,Y (2703)-Cheparinov,I (2670) Khanty-Mansiysk 2007 CBM 122 [CB]}) 12. Bc2 b5 {Predecessor:} 13. cxb5 $146 Nb6 14. Bxb6 cxb6 15. bxa6 Bxa6 16. g3 Nh5 17. Bd3 Bc8 18. Nge2 fxe4 19. Bxe4 {1-0 (40) Koziak,V (2494)-Perez Candelario,M (2558) Navalmoral 2011} *

[Event "1st Gujarat GM Open 2018"]
[Site "Ahmedabad"]
[Date "2018.10.09"]
[Round "7"]
[White "Srija, Seshadri"]
[Black "Kadam Om Manish"]
[Result "*"]
[WhiteElo "2246"]
[BlackElo "2082"]
[Annotator "TA"]
[PlyCount "29"]
[EventDate "2018.10.05"]
[EventType "swiss"]
[EventCountry "IND"]
[SourceTitle "playchess.com"]
[Source "ChessBase"]
[SourceQuality "1"]

{[%evp 24,26,35,-15,-10]} 1. e4 c5 2. Nf3 d6 3. d4 cxd4 4. Nxd4 Nf6 5. Nc3 a6 6. a3 e6 7. f4 Qc7 8. Be3 Be7 9. Bd3 Nbd7 10. O-O b5 11. Qf3 Bb7 12. Rae1 O-O 13. Qh3 {LiveBook: 3 Partien. B82: Sizilianisch (Scheveninger System)} Rfe8 {Vorgänger:} 14. Bf2 $146 Nc5 15. Kh1 {1-0 (36) Loskutov,O (2420)-Shkurikhin,I (2305) Tomsk 2006} *

[Event "1st Gujarat GM Open 2018"]
[Site "Ahmedabad"]
[Date "2018.10.09"]
[Round "7"]
[White "Kumar, Gaurav"]
[Black "Neverov, Valeriy"]
[Result "*"]
[WhiteElo "2236"]
[BlackElo "2488"]
[Annotator "TA"]
[PlyCount "42"]
[EventDate "2018.10.05"]
[EventType "swiss"]
[EventCountry "IND"]
[SourceTitle "playchess.com"]
[Source "ChessBase"]
[SourceQuality "1"]

{[%evp 19,20,47,73]} 1. e4 c5 2. Nf3 d6 3. d4 cxd4 4. Nxd4 Nf6 5. Nc3 Nc6 6. Bg5 e6 7. Qd2 Be7 8. O-O-O Nxd4 9. Qxd4 a6 10. f4 b5 {LiveBook: 527 Games} {Predecessor:} 11. Bxf6 $146 gxf6 12. e5 d5 13. Kb1 f5 14. g4 fxg4 15. h3 g3 16. Rg1 Bb7 17. Rxg3 Qc7 18. f5 Bc5 19. Qf4 O-O-O 20. Ne2 f6 21. fxe6 fxe5 {1-0 (40) Sjugirov,S (2677)-Romanov,E (2628) St Petersburg 2018} *

[Event "1st Gujarat GM Open 2018"]
[Site "Ahmedabad"]
[Date "2018.10.09"]
[Round "7"]
[White "Moksh Amit Doshi"]
[Black "Swayams, Mishra"]
[Result "*"]
[WhiteElo "2224"]
[BlackElo "2463"]
[Annotator "TA"]
[PlyCount "31"]
[EventDate "2018.10.05"]
[EventType "swiss"]
[EventCountry "IND"]
[SourceTitle "playchess.com"]
[Source "ChessBase"]
[SourceQuality "1"]

{[%evp 20,23,31,23,26,0]} 1. d4 Nf6 2. c4 e6 3. Nf3 d5 4. Nc3 Bb4 5. Bg5 h6 6. Bxf6 Qxf6 7. Qa4+ Nc6 8. e3 O-O {D38: Queen's Gambit Declined: Ragozin Defence (4 Nf3 Bb4)} 9. Be2 a6 (9... dxc4 10. O-O Bd7 11. Bxc4 Bxc3 12. bxc3 Rfd8 13. Qa3 Qe7 14. Qxe7 Nxe7 15. Rab1 b6 16. Ne5 {½-½ (39) Karjakin,S (2782)-Aronian,L (2764) Stavanger 2018}) 10. Qb3 dxc4 11. Qxc4 {LiveBook: 6 Games} Qe7 12. O-O {Predecessor:} Bxc3 $146 13. Qxc3 Bd7 14. Rfc1 Rac8 15. a3 Rfe8 16. Bc4 {0-1 (64) Khomeriki,N (2347)-Tsatsalashvili,K (2301) Tbilisi 2017} *

[Event "1st Gujarat GM Open 2018"]
[Site "Ahmedabad"]
[Date "2018.10.09"]
[Round "7"]
[White "Swati Ghate"]
[Black "Saranya, J."]
[Result "*"]
[WhiteElo "2215"]
[BlackElo "2071"]
[Annotator "TA"]
[PlyCount "22"]
[EventDate "2018.10.05"]
[EventType "swiss"]
[EventCountry "IND"]
[SourceTitle "playchess.com"]
[Source "ChessBase"]
[SourceQuality "1"]

{[%evp 16,22,10,-12,15,0,0,13,33]} 1. e4 c5 2. Nf3 d6 3. d4 cxd4 4. Qxd4 Nc6 5. Qe3 (5. Bb5 a6 6. Bxc6+ bxc6 7. O-O e5 8. Qd3 Be7 9. c4 Qc7 10. Rd1 Nf6 11. Nc3 O-O 12. h3 Rb8 13. b3 Nd7 14. Ba3 Nc5 15. Bxc5 dxc5 16. Qe3 {1-0 (26) Wang,H (2711)-Idani,P (2599) Kuala Lumpur 2018}) 5... Nf6 6. c4 {B53: Sizilianisch (Ungarische Variante)} g6 7. Be2 Bg7 8. O-O O-O 9. h3 {LiveBook: 8 Partien. Die Stellung ist ausgeglichen.} b6 10. Rd1 Nd7 $146 ({Vorgänger:} 10... Qc7 11. Nc3 Ba6 12. Rb1 Rad8 {1-0 (38) Tsang,W (2072)-Chong,C (2034) Hong Kong 2015}) 11. Nc3 Bb7 *

[Event "1st Gujarat GM Open 2018"]
[Site "Ahmedabad"]
[Date "2018.10.09"]
[Round "7"]
[White "Nandhidhaa, P V"]
[Black "Karthik Sai Ch"]
[Result "*"]
[WhiteElo "2212"]
[BlackElo "2059"]
[Annotator "TA"]
[PlyCount "29"]
[EventDate "2018.10.05"]
[EventType "swiss"]
[EventCountry "IND"]
[SourceTitle "playchess.com"]
[Source "ChessBase"]
[SourceQuality "1"]

{[%evp 12,19,22,0,44,25,53,51,49,48]} 1. e4 c6 2. Nc3 d5 3. Nf3 Bg4 4. h3 Bxf3 5. Qxf3 e6 6. d4 dxe4 7. Nxe4 Be7 {B11: Caro-Kann: Two Knights Variation} (7... Qxd4 8. c3 Qd5 9. Bd3 Nd7 10. Qe2 Nc5 11. Bc2 Nxe4 12. Bxe4 Qd7 13. O-O Nf6 14. Bf3 Bd6 15. Rd1 {½-½ (30) Nepomniachtchi,I (2767)-Anand,V (2779) Doha 2016}) 8. Be3 Nf6 9. Nxf6+ Bxf6 10. O-O-O {Predecessor:} Nd7 $146 11. g4 Qa5 12. Kb1 h6 13. h4 Qd5 14. Bg2 Qxf3 15. Bxf3 {0-1 (59) Grabarczyk,B (2260)-Szopieraj,D (2210) Polanica Zdroj 1992} *

[Event "1st Gujarat GM Open 2018"]
[Site "Ahmedabad"]
[Date "2018.10.09"]
[Round "7"]
[White "Surendran N"]
[Black "Rahul Srivatshav P"]
[Result "*"]
[WhiteElo "2210"]
[BlackElo "2395"]
[Annotator "TA"]
[PlyCount "51"]
[EventDate "2018.10.05"]
[EventType "swiss"]
[EventCountry "IND"]
[SourceTitle "playchess.com"]
[Source "ChessBase"]
[SourceQuality "1"]

{[%evp 21,22,-8,12]} 1. d4 Nf6 2. Nf3 g6 3. c4 Bg7 4. g3 O-O 5. Bg2 d6 6. O-O c6 7. Nc3 Qa5 8. e4 e5 9. h3 Nbd7 10. d5 cxd5 11. cxd5 b5 {Predecessor:} 12. Nd2 $146 b4 13. Nb3 Qc7 14. Ne2 Ba6 15. Re1 Rfc8 16. Bd2 Qb6 17. Be3 Qb5 18. a3 Nb6 19. axb4 Nc4 20. Bc1 Rab8 21. Nd2 Qb7 22. Nb1 Ne8 23. Nec3 Nc7 24. Bf1 Nb5 25. Nxb5 Bxb5 26. b3 {1-0 (26) Vajda,L (2600)-Gazik,V (2449) Zalakaros 2017} *

[Event "1st Gujarat GM Open 2018"]
[Site "Ahmedabad"]
[Date "2018.10.09"]
[Round "7"]
[White "Niraj, Saripalli"]
[Black "Suvradeepta, Das"]
[Result "*"]
[WhiteElo "2206"]
[BlackElo "2005"]
[Annotator "TA"]
[PlyCount "27"]
[EventDate "2018.10.05"]
[EventType "swiss"]
[EventCountry "IND"]
[SourceTitle "playchess.com"]
[Source "ChessBase"]
[SourceQuality "1"]

{[%evp 16,20,-2,-21,0,0,-12]} 1. e4 e6 2. d4 d5 3. Bd3 dxe4 4. Bxe4 Nf6 5. Bf3 Be7 (5... c5 6. Ne2 Nc6 7. Be3 Nd5 8. Bxd5 Qxd5 9. Nbc3 Qxg2 10. Rg1 Qf3 11. Nb5 Rb8 12. dxc5 Bd7 13. Nc7+ Kd8 14. Nb5 {0-1 (54) Kramnik,V (2808)-Caruana,F (2808) Stavanger 2017}) 6. Ne2 {C01: Französische Verteidigung (Abtauschvariante)} O-O 7. O-O c5 8. Nbc3 Nc6 9. Be3 {LiveBook: 5 Partien} cxd4 10. Nxd4 Ne5 {Vorgänger:} 11. Be2 $146 Bd7 12. Nb3 Qc8 13. Qd4 Nc6 14. Qc4 {½-½ (116) Fernandez,D (2485)-Gorti,A (2258) Budapest 2018} *

[Event "1st Gujarat GM Open 2018"]
[Site "Ahmedabad"]
[Date "2018.10.09"]
[Round "7"]
[White "Sekar B"]
[Black "Mrudul Dehankar"]
[Result "*"]
[WhiteElo "2187"]
[BlackElo "1996"]
[Annotator "TA"]
[PlyCount "23"]
[EventDate "2018.10.05"]
[EventType "swiss"]
[EventCountry "IND"]
[SourceTitle "playchess.com"]
[Source "ChessBase"]
[SourceQuality "1"]

{[%evp 20,23,22,21,37,14]} 1. e4 e5 2. Nf3 Nc6 3. Bb5 {[%cal Bf1b5,Bb5a4,Ba4b3][%mdl 32]} a6 4. Ba4 Nf6 5. O-O b5 6. Bb3 Bb7 7. d3 Bc5 8. Nc3 O-O {C78: Ruy Lopez: Archangelsk and Möller Defences} 9. Nd5 h6 10. a3 d6 11. c3 {LiveBook: 4 Games} Ba7 $146 ({Predecessor:} 11... Rb8 12. h3 Re8 13. Nh2 Nxd5 14. Bxd5 Ne7 15. Ba2 Ng6 16. Qf3 {½-½ (43) Trent,L (2435)-Adams,M (2727) Germany 2018}) 12. h3 *

[Event "1st Gujarat GM Open 2018"]
[Site "Ahmedabad"]
[Date "2018.10.09"]
[Round "7"]
[White "Srihari L R"]
[Black "Anusha N L V"]
[Result "*"]
[WhiteElo "2170"]
[BlackElo "1985"]
[Annotator "TA"]
[PlyCount "21"]
[EventDate "2018.10.05"]
[EventType "swiss"]
[EventCountry "IND"]
[SourceTitle "playchess.com"]
[Source "ChessBase"]
[SourceQuality "1"]

{[%evp 19,21,0,0,-4]} 1. Nf3 d5 2. c4 c6 3. b3 Nf6 4. Bb2 Bg4 5. e3 e6 6. Be2 Nbd7 7. O-O Bd6 8. d3 O-O 9. Nbd2 Qe7 10. h3 {A12: Reti-Eröffnung (New-Yorker-System)} Bh5 {LiveBook: 17 Partien} 11. cxd5 $146 ({Vorgänger:} 11. a3 a5 12. Qc2 e5 13. Rfe1 Rfe8 14. Nh4 Bxe2 15. Rxe2 Qe6 16. Nhf3 h6 {0-1 (27) Pichot,A (2552)-Dreev,A (2653) chess.com INT 2018}) *

[Event "1st Gujarat GM Open 2018"]
[Site "Ahmedabad"]
[Date "2018.10.09"]
[Round "7"]
[White "Utsab Chatterjee"]
[Black "Gopal, K.N."]
[Result "*"]
[WhiteElo "2149"]
[BlackElo "1858"]
[Annotator "TA"]
[PlyCount "29"]
[EventDate "2018.10.05"]
[EventType "swiss"]
[EventCountry "IND"]
[SourceTitle "playchess.com"]
[Source "ChessBase"]
[SourceQuality "1"]

{[%evp 26,29,20,16,32,16]} 1. e4 e6 2. d4 d5 3. Nd2 dxe4 4. Nxe4 Bd7 5. Nf3 Bc6 6. Bd3 Nd7 7. O-O Ngf6 8. Qe2 Nxe4 9. Bxe4 Bxe4 10. Qxe4 c6 11. c4 Be7 12. Bd2 O-O 13. Bc3 {C10: French with 3 Nc3: Unusual Black 3rd moves and 3...dxe4} Re8 14. Rad1 {LiveBook: 3 Games} Qc7 15. Rd3 $146 ({Predecessor:} 15. Rfe1 Nf6 16. Qe2 Rad8 17. h3 h6 18. Rd3 c5 19. d5 exd5 20. Bxf6 Bxf6 21. Qxe8+ Rxe8 22. Rxe8+ {0-1 (48) Aijala,J (2104)-Parkkinen,J (2216) Helsinki 2005}) *

[Event "1st Gujarat GM Open 2018"]
[Site "Ahmedabad"]
[Date "2018.10.09"]
[Round "7"]
[White "Arpita, Mukherjee"]
[Black "Rakesh Kumar Jena"]
[Result "*"]
[WhiteElo "2147"]
[BlackElo "2388"]
[Annotator "TA"]
[PlyCount "22"]
[EventDate "2018.10.05"]
[EventType "swiss"]
[EventCountry "IND"]
[SourceTitle "playchess.com"]
[Source "ChessBase"]
[SourceQuality "1"]

{[%evp 16,22,3,-4,-20,-32,-34,-48,-45]} 1. e4 c5 2. Nf3 d6 3. c3 Nf6 4. Be2 Nbd7 5. d3 g6 6. O-O Bg7 7. Nbd2 O-O 8. d4 {B50: Sicilian: 2...d6, Miscellaneous} (8. Re1 b6 9. d4 cxd4 10. cxd4 Bb7 11. Bf1 e5 12. d5 {½-½ (12) Das,A (2443)-Bakre,T (2444) Bhubaneswar 2018}) 8... cxd4 9. cxd4 {LiveBook: 3 Games} e5 10. Qc2 exd4 11. Nxd4 Re8 $146 ({Predecessor:} 11... Nc5 12. N4b3 Nxb3 13. Nxb3 d5 14. exd5 Bf5 15. Qd1 Nxd5 {½-½ (25) Frilli,G (2117)-Isonzo,D (2325) Cattolica 2005}) *

[Event "1st Gujarat GM Open 2018"]
[Site "Ahmedabad"]
[Date "2018.10.09"]
[Round "7"]
[White "Kiran, Manisha Mohanty"]
[Black "Kasparov, Sergey"]
[Result "*"]
[WhiteElo "2147"]
[BlackElo "2453"]
[Annotator "TA"]
[PlyCount "24"]
[EventDate "2018.10.05"]
[EventType "swiss"]
[EventCountry "IND"]
[SourceTitle "playchess.com"]
[Source "ChessBase"]
[SourceQuality "1"]

{[%evp 9,24,54,65,33,41,33,45,43,48,38,43,24,38,29,19,3,14]} 1. e4 d5 2. exd5 Qxd5 3. Nc3 Qd6 4. d4 Nf6 5. Nf3 c6 6. g3 {B01: Scandinavian Defence} Bf5 7. Bg2 h6 8. O-O {White is slightly better.} e6 9. Bf4 Qd8 10. Ne2 Nbd7 $146 ({Predecessor:} 10... Be7 11. c4 O-O 12. a3 {0-1 (68) Petrov,V (2336)-Tiviakov,S (2611) Kavala 2015}) 11. c4 Qb6 12. b3 Ba3 *

[Event "1st Gujarat GM Open 2018"]
[Site "Ahmedabad"]
[Date "2018.10.09"]
[Round "7"]
[White "Alan Diviya Raj"]
[Black "Konguvel, Ponnuswamy"]
[Result "*"]
[WhiteElo "2127"]
[BlackElo "2325"]
[Annotator "TA"]
[PlyCount "32"]
[EventDate "2018.10.05"]
[EventType "swiss"]
[EventCountry "IND"]
[SourceTitle "playchess.com"]
[Source "ChessBase"]
[SourceQuality "1"]

{[%evp 15,24,4,1,0,0,0,0,0,0,-17,30]} 1. e4 c5 2. c3 Nf6 3. e5 Nd5 4. d4 cxd4 5. cxd4 d6 6. Nf3 Nc6 7. Be2 e6 8. O-O Be7 {The position is equal.} 9. Nc3 {B22: Sicilian: 2 c3} Nxc3 10. bxc3 dxe5 11. dxe5 O-O 12. Bf4 Qa5 {Predecessor:} 13. Qd3 $146 Rd8 14. Qc2 h6 15. Rab1 Qc7 16. Qe4 Bf8 {0-1 (57) Murali,K (2068)-Bakre,T (2457) chess.com INT 2017} *

[Event "1st Gujarat GM Open 2018"]
[Site "Ahmedabad"]
[Date "2018.10.09"]
[Round "7"]
[White "Prasannaa.s"]
[Black "Sai Agni Jeevitesh, J."]
[Result "*"]
[WhiteElo "2124"]
[BlackElo "2362"]
[Annotator "TA"]
[PlyCount "33"]
[EventDate "2018.10.05"]
[EventType "swiss"]
[EventCountry "IND"]
[SourceTitle "playchess.com"]
[Source "ChessBase"]
[SourceQuality "1"]

{[%evp 25,26,16,24]} 1. Nf3 Nf6 2. c4 e6 3. g3 d5 4. Bg2 Be7 5. O-O O-O 6. d4 c6 7. b3 Nbd7 8. Nbd2 b6 9. Bb2 Bb7 10. Ne5 c5 11. Nxd7 Qxd7 12. dxc5 {E07: Katalanisch} bxc5 13. cxd5 exd5 {LiveBook: 8 Partien} {Vorgänger:} 14. e4 $146 d4 15. Re1 a5 16. Nc4 Qe6 17. e5 {0-1 (49) Shapiro,V (2358)-Schwarz,J (2308) ICCF Email 2007} *

[Event "1st Gujarat GM Open 2018"]
[Site "Ahmedabad"]
[Date "2018.10.09"]
[Round "7"]
[White "Mahindrakar Indrajeet"]
[Black "Ahmed, Sk. Nasir"]
[Result "*"]
[WhiteElo "2107"]
[BlackElo "2234"]
[Annotator "TA"]
[PlyCount "32"]
[EventDate "2018.10.05"]
[EventType "swiss"]
[EventCountry "IND"]
[SourceTitle "playchess.com"]
[Source "ChessBase"]
[SourceQuality "1"]

{[%evp 15,20,-16,22,-14,-14,-14,47]} 1. e4 c5 2. c3 Nf6 3. e5 Nd5 4. d4 cxd4 5. Qxd4 e6 6. Nf3 Nc6 7. Qe4 f5 8. Qe2 Be7 {The position is equal.} 9. g3 {B22: Sicilian: 2 c3} (9. c4 $5 {[%cal Rc4d5]} Nc7 10. Nc3 $11) 9... O-O 10. Bg2 {[#]} d6 (10... b5 $1 $11 {[%mdl 512]}) {Predecessor:} 11. exd6 $146 Bxd6 12. O-O Bd7 13. Rd1 Bc7 14. c4 Nf6 15. Nc3 a6 16. Bg5 Qe8 {1-0 (59) Perez Garcia,R (2320)-Arroyo Rodriguez,J (2057) Caleta 2018} *

[Event "1st Gujarat GM Open 2018"]
[Site "Ahmedabad"]
[Date "2018.10.09"]
[Round "7"]
[White "Subhayan Kundu"]
[Black "Deshpande, Aniruddha"]
[Result "*"]
[WhiteElo "2093"]
[BlackElo "2213"]
[Annotator "TA"]
[PlyCount "34"]
[EventDate "2018.10.05"]
[EventType "swiss"]
[EventCountry "IND"]
[SourceTitle "playchess.com"]
[Source "ChessBase"]
[SourceQuality "1"]

{[%evp 21,25,53,64,0,0,0]} 1. e4 c5 2. Nf3 d6 3. d4 cxd4 4. Nxd4 Nf6 5. Nc3 Nc6 6. Bg5 Bd7 7. Qd2 Rc8 8. f4 Nxd4 9. Qxd4 Qa5 10. e5 {B61: Sicilian: Richter-Rauzer: 6...Bd7 7 Qd2} dxe5 11. fxe5 e6 $1 {LiveBook: 132 Games} (11... Bc6 12. O-O-O Nd7 13. Bc4 Qxe5 14. Qd2 Qc5 15. Bb3 h6 16. Ne4 Qe5 17. Rhe1 hxg5 18. Nd6+ exd6 19. Qxd6 Bxd6 {0-1 (19) Volokitin,A (2628)-Adly,A (2637) Riadh 2017}) 12. exf6 ({Better is} 12. O-O-O $14 Rxc3 13. Bd2 (13. Qxc3 Qxc3 14. bxc3 Ne4 $11) (13. bxc3 Nd5 $15) (13. exf6 $2 Qxg5+ 14. Kb1 Rc7 $19) 13... Qxa2 14. Bxc3) 12... Qxg5 $11 13. Ne4 {Predecessor:} Qa5+ $146 14. c3 Rg8 15. Bd3 Bc6 16. O-O-O Rd8 17. Qe3 Qxa2 {½-½ (40) Ketola,V (2430)-Nacu,M (2445) ICCF email 2006} *

[Event "1st Gujarat GM Open 2018"]
[Site "Ahmedabad"]
[Date "2018.10.09"]
[Round "7"]
[White "Barath Kalyan M"]
[Black "Siva Mahadevan"]
[Result "*"]
[WhiteElo "2084"]
[BlackElo "2341"]
[Annotator "TA"]
[PlyCount "18"]
[EventDate "2018.10.05"]
[EventType "swiss"]
[EventCountry "IND"]
[SourceTitle "playchess.com"]
[Source "ChessBase"]
[SourceQuality "1"]

{[%evp 9,18,8,10,6,8,6,18,2,6,15,6]} 1. a3 d5 2. Nf3 Nf6 3. e3 g6 (3... Bg4 4. h3 Bh5 5. c4 e6 6. b4 Be7 7. Bb2 O-O 8. Be2 a5 9. b5 Nbd7 10. O-O Nc5 {1-0 (60) Lenderman,A (2581)-Schroeder,J (2541) London 2016}) 4. b4 Bg7 5. Bb2 O-O {The position is equal.} 6. c4 {A00: Irregular Openings} c6 7. cxd5 cxd5 8. Be2 Bg4 $146 ({Predecessor:} 8... Bf5 9. O-O Na6 10. d3 Ne8 11. Bxg7 Nxg7 {½-½ (30) Thorsteinsson,E-Elyakim,D ICCF corr 1992}) 9. O-O Nbd7 *

[Event "1st Gujarat GM Open 2018"]
[Site "Ahmedabad"]
[Date "2018.10.09"]
[Round "7"]
[White "Soham Datar"]
[Black "Neelotpal, Das"]
[Result "*"]
[WhiteElo "2060"]
[BlackElo "2436"]
[Annotator "TA"]
[PlyCount "38"]
[EventDate "2018.10.05"]
[EventType "swiss"]
[EventCountry "IND"]
[SourceTitle "playchess.com"]
[Source "ChessBase"]
[SourceQuality "1"]

{[%evp 16,21,25,24,59,38,46,27]} 1. Nf3 Nf6 2. c4 b6 3. g3 Bb7 4. Bg2 c5 5. O-O g6 6. b3 Bg7 7. Bb2 O-O 8. Nc3 d6 9. d4 a6 {A30: Symmetrical English: Double Fianchetto and Hedgehog} (9... cxd4 10. Qxd4 Nbd7 11. Qd2 Rc8 12. Rac1 a6 13. Rfd1 Rc7 14. Nd4 Bxg2 15. Kxg2 Qa8+ 16. f3 Rd8 17. e4 e6 18. Nc2 Ne8 19. Ne3 h5 {1-0 (43) Karjakin,S (2785)-Salem,A (2656) Doha 2016}) 10. Qd2 Nbd7 11. Rfd1 {Predecessor:} Rc8 $146 12. Rac1 Re8 13. Ne1 Bxg2 14. Nxg2 h5 15. Nd5 Nxd5 16. cxd5 b5 17. dxc5 Bxb2 18. Qxb2 Rxc5 19. Rxc5 Nxc5 {½-½ (43) Matnadze,A (2389)-Megaranto,S (2499) Barcelona 2005} *